000 00945nam a2200301Ia 4500
003 OSt
005 20221007124717.0
006 a|||||r|||| 00| 0
007 ta
008 221006b |||||||| |||| 00| 0 eng d
020 _a9789380931814 (pbk)
024 _a194334
037 _b898, 12/10/2015, Dhanraj Book House
_cTextual
040 _aCDL
_cCDL
_beng
041 _2eng
_aeng
082 _aB0bE, M1;P5;10-;11 Carc
100 _aMortimer Robert G
_9621128
245 0 _aMathematics for physical chemistry
250 _a3
260 _aNew
_bDelhi Elsevier
_c2005
300 _axii, 393p. ill.
_ccm.
500 _aAppendix 364-386p.; Index 387-393p.; Reprint 2011.
650 _a Calculus
650 _a Integral calculus
650 _aDifferential equations
942 _hB0bE, M1;P5;10-;11 Carc
_cTEXL
_2CC
999 _c1213971
_d1213971